| 000 | 00334nam a2200109Ia 4500 | ||
|---|---|---|---|
| 008 | 171204s9999 xx 000 0 und d | ||
| 245 | _aVideo Art Theory: A Comparative Approach: | ||
| 245 | _cHelen Westgeest | ||
| 260 | _c2015 | ||
| 650 | _xVIDEO PRODUCTION AND DIRECTION | ||
| 856 | _uhttp://down.ebook777.com/014/VidArtTheAComApp.pdf | ||
| 999 |
_c346200 _d346200 |
||